Technology and toil in nineteenth century Britain : documents /

Bibliographic Details
Main Author: Berg, Maxine, 1950-
Format: Book
Language:English
Published: London : Atlantic Highlands, N.J. : CSE Books ; Humanities Press, 1979.
Subjects:

MARC

Tag First Indicator Second Indicator Subfields
LEADER 00000cam a2200000 a 4500
001 in00000091457
005 20151008063948.0
008 791207s1979 enka b 00010 eng d
020 |a 0906336023 
020 |a 0906336031 (pbk.) 
035 |a (OCoLC)05771243 
035 |9 AAK3263AM 
040 |a CCH  |c CCH  |d OCL  |d TXA  |d UtOrBLW 
043 |a e-uk--- 
049 |a TXAM  |c [1387406] 
090 |a HC255  |b .B55 
100 1 |a Berg, Maxine,  |d 1950- 
245 1 0 |a Technology and toil in nineteenth century Britain :  |b documents /  |c edited by Maxine Berg. 
264 1 |a London :  |b CSE Books ;  |a Atlantic Highlands, N.J. :  |b Humanities Press,  |c 1979. 
300 |a 246 pages :  |b illustrations ;  |c 22 cm. 
336 |a text  |b txt  |2 rdacontent 
337 |a unmediated  |b n  |2 rdamedia 
338 |a volume  |b nc  |2 rdacarrier 
504 |a Bibliography: pages 244-246. 
650 0 |a Working class  |z Great Britain  |x History. 
651 0 |a Great Britain  |x Economic conditions  |y 19th century. 
650 0 |a Labor movement  |z Great Britain  |x History. 
650 0 |a Labor  |z Great Britain  |x History. 
999 |a MARS 
999 f f |s 350923d3-0825-3c51-8ca4-18be8bb264ef  |i 9bb86321-e3a0-353a-a4c9-37082bf98cb8  |t 0 
952 f f |p ric  |a Texas A&M University  |b Rellis Campus  |c Joint Library Facility  |d Remote Storage  |t 0  |e HC255 .B55  |h Library of Congress classification  |i unmediated -- volume  |m A14806122409 
998 f f |a HC255 .B55  |t 0  |l Remote Storage